[Event "ACL-A054"]
[Site "www.playchess.de"]
[Date "2000.11.28"]
[Round "4"]
[White "locko"]
[Black "BENEVOLENTONE"]
[WhiteElo "1153"]
[BlackElo "1500"]
[PlyCount "60"]
[Result "0-1"]

1.g3 e5 2.e4 Qf6 3.Bg2 Bc5 4.Bf3 Nc6 5.a3 Nd4 6.c3 
Nxf3+ 7.Nxf3 Nh6 8.b4 Bb6 9.a4 Ng4 10.Rf1 c5 11.a5 
Bd8 12.bxc5 d6 13.Qa4+ Bd7 14.Qd1 dxc5 15.d3 Qc6 
16.h3 Nh6 17.Nxe5 Qe6 18.Nc4 Qxh3 19.Nd6+ Kf8 
20.Qb3 b6 21.Bxh6 Be6 22.Qb5 gxh6 23.Qe8+ Kg7 
24.Qc6 Bf6 25.axb6 Bd7 26.Qd5 Be6 27.Qb7 Qh5 
28.Rxa7 Rab8 29.Qc6 Bb3 30.Kd2 
Bg5+ 0-1

[Event "ACL-A056"]
[Site "www.playchess.de"]
[Date "2000.11.28"]
[Round "14"]
[White "Goofy"]
[Black "Extasis"]
[WhiteElo "1752"]
[BlackElo "1500"]
[PlyCount "41"]
[Result "1-0"]

1.d4 e6 2.c4 Bb4+ 3.Nc3 c6 4.e4 Nf6 5.Bd3 Qa5 
6.Nge2 h5 7.e5 Ng4 8.O-O b6 9.a3 Be7 10.h3 Nxe5 
11.dxe5 Qxe5 12.Re1 Qc5 13.Bf4 e5 14.Ne4 Qa5 15.b4 
Bxb4 16.axb4 Qxb4 17.Bxe5 O-O 18.Nf4 Qe7 19.Qxh5 
Na6 20.Nf6+ gxf6 21.Qh7+ 1-0

[Event "ACL-A058"]
[Site "www.playchess.de"]
[Date "2000.11.28"]
[Round "9"]
[White "Mr_Arnaud"]
[Black "peze4"]
[WhiteElo "1412"]
[BlackElo "1500"]
[PlyCount "53"]
[Result "1/2-1/2"]

1.d4 Nf6 2.c4 e6 3.Nc3 Bb4 4.e3 O-O 5.Bd3 d5 
6.Nge2 dxc4 7.Bxc4 e5 8.O-O Nc6 9.a3 Bd6 10.d5 Ne7 
11.e4 Ng6 12.f3 Qe7 13.Kh1 Bd7 14.Be3 a6 15.Qd2 b5 
16.Bb3 Rfd8 17.Rac1 c5 18.Bg5 c4 19.Ba2 h6 20.Be3 
Bc5 21.Rfd1 Bxe3 22.Qxe3 Qd6 23.Nb1 Rac8 24.b3 
cxb3 25.Bxb3 Nh5 26.Rxc8 Rxc8 27.Nec3 1/2-1/2

[Event "ACL-A060"]
[Site "www.playchess.de"]
[Date "2000.11.28"]
[Round "1"]
[White "chrisg"]
[Black "janus"]
[WhiteElo "1762"]
[BlackElo "1562"]
[PlyCount "80"]
[Result "0-1"]

1.d4 Nf6 2.c4 g6 3.Nc3 d5 4.cxd5 Nxd5 5.e4 Nxc3 
6.bxc3 Bg7 7.Bc4 c5 8.Ne2 O-O 9.O-O Nc6 10.Be3 Qc7 
11.Rc1 Na5 12.Bd3 f5 13.Bf4 e5 14.dxe5 fxe4 
15.Bxe4 Be6 16.Bd5 Rae8 17.Bxe6+ Rxe6 18.Qd5 Rfe8 
19.Rfe1 Qc6 20.c4 Bxe5 21.Kf1 Kg7 22.Red1 b6 
23.Qd3 Bc7 24.Qd7+ R8e7 25.Qxc6 Nxc6 26.Bxc7 R6xe2 
27.Bd6 R7e4 28.a3 Ra2 29.Rc3 Nd4 30.Re3 Rxe3 
31.fxe3 Nc2 32.Be5+ Kh6 33.Bf4+ g5 34.Rd6+ Kh5 
35.Rd5 h6 36.g3 Kg4 37.Rd3 gxf4 38.exf4 Nxa3 
39.Rc3 Nb1 40.Rc1 Nd2+ 0-1

[Event "ACL-A060"]
[Site "www.playchess.de"]
[Date "2000.11.28"]
[Round "8"]
[White "janus"]
[Black "player27"]
[WhiteElo "1562"]
[BlackElo "1625"]
[PlyCount "39"]
[Result "1/2-1/2"]

1.e4 e5 2.f4 exf4 3.Nf3 g5 4.h4 g4 5.Ne5 Nf6 6.Bc4 
d5 7.exd5 Bd6 8.d4 Nh5 9.Bb5+ c6 10.dxc6 bxc6 
11.Nxc6 Nxc6 12.Bxc6+ Kf8 13.Bxa8 Ng3 14.Kf2 Bf5 
15.Bd5 Kg7 16.Bc4 Be5 17.dxe5 Qb6+ 18.Ke1 Rd8 
19.Bd3 Nxh1 20.Qe2 1/2-1/2

[Event "ACL-A063"]
[Site "www.playchess.de"]
[Date "2000.11.28"]
[Round "19"]
[White "deepcover"]
[Black "BOB"]
[WhiteElo "1500"]
[BlackElo "1638"]
[PlyCount "54"]
[Result "1/2-1/2"]

1.e4 c5 2.Nf3 e6 3.d4 cxd4 4.Nxd4 Nf6 5.Nc3 Nc6 
6.Nxc6 bxc6 7.e5 Nd5 8.Ne4 Qc7 9.f4 Rb8 10.a3 Qa5+ 
11.c3 Be7 12.b4 Qb6 13.c4 f5 14.Nd6+ Bxd6 15.exd6 
Nf6 16.c5 Qd8 17.Bc4 a5 18.Qd4 Ra8 19.O-O O-O 
20.Bb2 Ba6 21.Bxa6 Rxa6 22.Bc3 axb4 23.axb4 Qa8 
24.Qd3 Rxa1 25.Rxa1 Qb7 26.Qa6 Qxa6 27.Rxa6 
Kf7 1/2-1/2

[Event "ACL-E004"]
[Site "www.playchess.de"]
[Date "2000.11.28"]
[Round "7"]
[White "archeo"]
[Black "Mathemagician"]
[WhiteElo "2034"]
[BlackElo "1693"]
[PlyCount "92"]
[Result "1-0"]

1.e4 c5 2.Nf3 d6 3.d4 cxd4 4.Nxd4 Nf6 5.Nc3 g6 
6.Be3 Bg7 7.f3 O-O 8.Qd2 Nc6 9.Bc4 Ne5 10.Bb3 Bd7 
11.h4 Rc8 12.O-O-O Qa5 13.Kb1 Rfe8 14.Bg5 Nc6 
15.Bxf6 Bxf6 16.Nxc6 Bxc6 17.Nd5 Qxd2 18.Nxf6+ Kh8 
19.Rxd2 exf6 20.Rxd6 Kg7 21.Rhd1 f5 22.exf5 gxf5 
23.c3 Re2 24.R6d2 Rce8 25.Kc2 h5 26.Rxe2 Rxe2+ 
27.Rd2 Re3 28.Bd5 Bxd5 29.Rxd5 Re2+ 30.Rd2 Re3 
31.b4 Kf6 32.a4 Ke6 33.Kb3 Re1 34.a5 b5 35.axb6 
e.p 36.axb6 Kc4 37.f6 Kb5 38.Rc1 c4 39.Rc3 Rd8 
40.Rc2 Rh8 41.Rxg2 Kxb6 42.Rg3 c5 43.Rxf3 c6 
44.Rc3 c7 45.f4 c8Q+ 46.Rxc8 Rxc8 1-0

[Event "ACL-E005"]
[Site "www.playchess.de"]
[Date "2000.11.28"]
[Round "7"]
[White "peze"]
[Black "oliver"]
[WhiteElo "1888"]
[BlackElo "2024"]
[PlyCount "55"]
[Result "1-0"]

1.e4 e6 2.d4 d5 3.Nc3 Bb4 4.e5 c5 5.a3 Bxc3+ 
6.bxc3 Nd7 7.Qg4 g6 8.Nf3 Ne7 9.Bd3 Qa5 10.Bd2 c4 
11.Be2 Qa4 12.Ra2 Nf5 13.O-O f6 14.Bf4 fxe5 
15.Nxe5 Nf6 16.Qh3 O-O 17.Bf3 Qa5 18.g4 Ng7 19.Bg2 
Ne4 20.Bxe4 Rxf4 21.Bxg6 hxg6 22.Nxg6 Re4 23.f4 
Kf7 24.Qh7 Qxc3 25.Ne5+ Ke7 26.Qxg7+ Kd6 27.Kh1 
Qxd4 28.Qf8+ 1-0

[Event "HCL-A032"]
[Site "www.playchess.de"]
[Date "2000.11.29"]
[Round "20"]
[White "bondegnasker"]
[Black "Kaprije"]
[WhiteElo "1480"]
[BlackElo "1700"]
[PlyCount "62"]
[Result "1/2-1/2"]

1.d4 Nf6 2.c4 g6 3.Nf3 Bg7 4.g3 O-O 5.Bg2 d6 6.O-O 
Nc6 7.Nc3 e5 8.d5 Ne7 9.b4 b6 10.Rb1 Ne8 11.e4 f5 
12.Be3 h6 13.c5 f4 14.gxf4 exf4 15.Bd4 g5 16.Bxg7 
Nxg7 17.Nd4 Ng6 18.Re1 Qf6 19.Ncb5 Rf7 20.Rc1 Ne5 
21.f3 a6 22.Nc3 h5 23.cxb6 cxb6 24.Na4 Rb7 25.Nc6 
Bd7 26.Nxe5 Bxa4 27.Qxa4 Qxe5 28.Rc6 Nf5 29.Qc2 
Ne7 30.Rc7 Rxc7 31.Qxc7 Qd4+ 1/2-1/2

[Event "HCL-A046"]
[Site "www.playchess.de"]
[Date "2000.11.29"]
[Round "11"]
[White "Felix"]
[Black "peze3"]
[WhiteElo "1570"]
[BlackElo "1700"]
[PlyCount "44"]
[Result "0-1"]

1.d4 Nf6 2.c4 e6 3.Nc3 Bb4 4.e3 O-O 5.Bd3 c5 6.Nf3 
d5 7.O-O cxd4 8.exd4 dxc4 9.Bxc4 a6 10.a4 b6 
11.Qb3 Ba5 12.Be3 Bb7 13.Ng5 h6 14.Nh3 Nc6 15.Rfd1 
Bxc3 16.Qxc3 Rc8 17.b4 Qd6 18.Rab1 Ne7 19.Qb3 Bd5 
20.Rbc1 Rxc4 21.Rxc4 b5 22.Bf4 
Qd8 0-1

[Event "HCL-A048"]
[Site "www.playchess.de"]
[Date "2000.11.29"]
[Round "15"]
[White "Gearloose"]
[Black "Mathemagician"]
[WhiteElo "2016"]
[BlackElo "1541"]
[PlyCount "36"]
[Result "0-1"]

1.e4 c5 2.a3 d6 3.b4 cxb4 4.axb4 Nf6 5.f3 g6 6.d4 
Bg7 7.Be3 O-O 8.c3 Qb6 9.Qd2 d5 10.e5 Nfd7 11.Nh3 
f6 12.f4 e6 13.g4 Nc6 14.Na3 a5 15.Nb5 Qd8 16.Nd6 
fxe5 17.dxe5 Ndxe5 18.fxe5 Nxe5 0-1

[Event "HCL-B053"]
[Site "www.playchess.de"]
[Date "2000.11.29"]
[Round "15"]
[White "Gilbert"]
[Black "lastrada"]
[WhiteElo "1200"]
[BlackElo "1200"]
[PlyCount "47"]
[Result "1-0"]

1.a3 d5 2.e3 Nf6 3.d4 Bf5 4.c4 e6 5.Qb3 b6 6.Nf3 
Bd6 7.Nc3 c6 8.Be2 O-O 9.O-O Nbd7 10.Bd2 Ne4 
11.Rfd1 a5 12.Qa4 Qc7 13.cxd5 b5 14.Qb3 Nxd2 
15.Nxd2 a4 16.Qa2 Bxh2+ 17.Kh1 exd5 18.Nxb5 cxb5 
19.Rac1 Qb8 20.Qxd5 Be6 21.Qxb5 Nf6 22.Rc6 Qxb5 
23.Bxb5 Ng4 24.Rdc1 1-0

[Event "HCL-B066"]
[Site "www.playchess.de"]
[Date "2000.11.29"]
[Round "18"]
[White "Pelikan"]
[Black "wiseguy"]
[WhiteElo "1251"]
[BlackElo "1500"]
[PlyCount "44"]
[Result "0-1"]

1.e4 c5 2.Nf3 d6 3.d4 cxd4 4.Nxd4 Nf6 5.Nc3 g6 
6.f3 Bg7 7.Be3 O-O 8.Qd2 Nc6 9.O-O-O Nxd4 10.Bxd4 
Be6 11.Kb1 Qc7 12.g4 Rfc8 13.h4 Qa5 14.a3 Rab8 
15.h5 b5 16.hxg6 hxg6 17.Qh2 b4 18.axb4 Qxb4 
19.Nd5 Bxd5 20.exd5 Rc3 21.Bxc3 Qxc3 22.b3 
Nh5 0-1

[Event "HCL-B087"]
[Site "www.playchess.de"]
[Date "2000.11.29"]
[Round "5"]
[White "Romulus73"]
[Black "rocking"]
[WhiteElo "1500"]
[BlackElo "1500"]
[PlyCount "29"]
[Result "1-0"]

1.d4 d5 2.c4 e6 3.Nc3 Nf6 4.Bg5 Nbd7 5.Nf3 Be7 
6.e3 O-O 7.Qc2 h6 8.h4 hxg5 9.hxg5 Ne4 10.Nxe4 
dxe4 11.Qxe4 f5 12.Qxe6+ Rf7 13.g6 Ne5 14.Qxe5 Rf6 
15.Rh8+ 1-0

[Event "HCL-B087"]
[Site "www.playchess.de"]
[Date "2000.11.29"]
[Round "29"]
[White "ddddale"]
[Black "peze"]
[WhiteElo "1500"]
[BlackElo "1758"]
[PlyCount "58"]
[Result "0-1"]

1.d4 Nf6 2.Bg5 e6 3.e4 h6 4.Bxf6 Qxf6 5.Nf3 d6 
6.Nc3 Nd7 7.Qd2 a6 8.a4 g6 9.h4 Bg7 10.Be2 b6 
11.a5 Bb7 12.b4 c5 13.bxc5 bxc5 14.Rd1 cxd4 
15.Qxd4 Rc8 16.Nb1 Qxd4 17.Nxd4 Rc5 18.Nb3 Rxc2 
19.Rxd6 Bxe4 20.Bxa6 Ke7 21.Rd2 Rb8 22.Rh3 Rc6 
23.Bd3 Bxg2 24.Rg3 Rxb3 25.Rxg2 Ne5 26.Be4 Rc4 
27.Bc2 Nf3+ 28.Ke2 Nxd2 29.Kxd2 
Rb2 0-1

[Event "HCL-B111"]
[Site "www.playchess.de"]
[Date "2000.11.29"]
[Round "20"]
[White "Gorodish"]
[Black "gbrereton"]
[WhiteElo "1747"]
[BlackElo "1107"]
[PlyCount "29"]
[Result "1-0"]

1.e4 e5 2.Nf3 Nc6 3.Bb5 a6 4.Ba4 d6 5.O-O Bd7 6.c3 
Nf6 7.Re1 Be7 8.d4 O-O 9.Nbd2 d5 10.exd5 Nxd5 
11.Bxc6 Bxc6 12.Nxe5 Bd6 13.Nxc6 bxc6 14.Ne4 Rb8 
15.c4 1-0

[Event "HCL-B113"]
[Site "www.playchess.de"]
[Date "2000.11.29"]
[Round "6"]
[White "dom"]
[Black "BerndS"]
[WhiteElo "1500"]
[BlackElo "1790"]
[PlyCount "66"]
[Result "0-1"]

1.e4 c5 2.Nf3 d6 3.c3 Nc6 4.d4 cxd4 5.cxd4 e6 
6.Nc3 Nf6 7.Bb5 Bd7 8.Bg5 Be7 9.e5 dxe5 10.Nxe5 
Nxe5 11.dxe5 Bxb5 12.Nxb5 Qa5+ 13.Nc3 Qxe5+ 14.Be3 
O-O 15.O-O Rfd8 16.Qf3 b6 17.Rad1 Rac8 18.Bf4 Qf5 
19.Qb7 Bc5 20.Bc7 Rdf8 21.Qxa7 Ng4 22.Bxb6 Bxb6 
23.Qxb6 Rcb8 24.Qc7 Rxb2 25.Rd8 g6 26.h3 Rxf2 
27.Rxf8+ Kxf8 28.Qd8+ Kg7 29.Qd4+ e5 30.Qd1 Rxg2+ 
31.Kh1 Rf2 32.Kg1 Qf4 33.Qxg4 Qh2+ 0-1

[Event "HCL-B114"]
[Site "www.playchess.de"]
[Date "2000.11.29"]
[Round "1"]
[White "JayKay"]
[Black "JABBERWOCKY"]
[WhiteElo "1734"]
[BlackElo "1356"]
[PlyCount "35"]
[Result "1-0"]

1.e4 c5 2.Nf3 d6 3.Bb5+ Bd7 4.Bc4 e5 5.O-O Nc6 
6.Nc3 Bg4 7.h3 Bxf3 8.Qxf3 Nf6 9.Nd5 Be7 10.d3 h6 
11.Be3 Nb4 12.Nxb4 Qb6 13.Nd5 Qxb2 14.Nc7+ Kd7 
15.Nxa8 Rxa8 16.Rab1 Qxc2 17.Rfc1 Qa4 
18.Bb5+ 1-0

[Event "HCL-B114"]
[Site "www.playchess.de"]
[Date "2000.11.29"]
[Round "8"]
[White "JABBERWOCKY"]
[Black "PDelaquess"]
[WhiteElo "1356"]
[BlackElo "1422"]
[PlyCount "30"]
[Result "0-1"]

1.e4 e5 2.Nf3 Nc6 3.Nc3 g6 4.a3 Nf6 5.d3 d5 6.Nxd5 
Nxd5 7.exd5 Qxd5 8.h3 Bg7 9.c4 Qd6 10.Qe2 O-O 
11.Be3 Bd7 12.c5 Qd5 13.b4 Nd4 14.Bxd4 exd4 15.g4 
Rfe8 0-1

[Event "HCL-B118"]
[Site "www.playchess.de"]
[Date "2000.11.29"]
[Round "13"]
[White "Gross"]
[Black "rdr220"]
[WhiteElo "1500"]
[BlackElo "1500"]
[PlyCount "42"]
[Result "0-1"]

1.e4 e5 2.Nf3 Nc6 3.Bb5 a6 4.Ba4 Nf6 5.O-O Be7 
6.Re1 b5 7.Bb3 O-O 8.c3 d5 9.exd5 Nxd5 10.Nxe5 
Nxe5 11.Rxe5 Nf6 12.d4 Bd6 13.Re1 Ng4 14.g3 Nxh2 
15.Bd5 Bxg3 16.fxg3 Qxd5 17.Kxh2 Bb7 18.Rg1 Rae8 
19.Qg4 Re1 20.Bh6 Qh1+ 21.Rxh1 
Rxh1+ 0-1

[Event "HCL-B118"]
[Site "www.playchess.de"]
[Date "2000.11.29"]
[Round "18"]
[White "Keen"]
[Black "Gross"]
[WhiteElo "1400"]
[BlackElo "1500"]
[PlyCount "35"]
[Result "1/2-1/2"]

1.e4 e6 2.d4 d5 3.e5 c5 4.c3 Nc6 5.Nf3 Qb6 6.a3 c4 
7.Nbd2 Na5 8.g3 Bd7 9.h4 h6 10.Bh3 O-O-O 11.O-O 
Ne7 12.h5 Kb8 13.Nh4 Nc8 14.Ng2 Be7 15.Kh2 Rdg8 
16.Ne3 Qd8 17.Qe2 Nb6 18.Rb1 1/2-1/2

[Event "HCL-B119"]
[Site "www.playchess.de"]
[Date "2000.11.29"]
[Round "7"]
[White "deepcover"]
[Black "DepthCharge"]
[WhiteElo "1200"]
[BlackElo "1554"]
[PlyCount "61"]
[Result "1-0"]

1.d4 Nf6 2.c4 g6 3.Nc3 Bg7 4.e4 d6 5.Nf3 Bg4 6.Be2 
Bxf3 7.Bxf3 O-O 8.e5 c6 9.exf6 Bxf6 10.O-O a6 
11.Re1 Re8 12.Bh6 e5 13.Ne4 Bg7 14.Bxg7 Kxg7 
15.dxe5 Nd7 16.Nxd6 Re7 17.e6 fxe6 18.Nxb7 Qc7 
19.Qd6 Qxd6 20.Nxd6 Rb8 21.b3 c5 22.Rad1 Nf6 
23.Re5 Rd8 24.Nf5+ gxf5 25.Rxd8 Nd7 26.Re1 Kf6 
27.Ra8 Ne5 28.Rxa6 Rg7 29.Bd5 Nd3 30.Raxe6+ Kg5 
31.R1e3 1-0

[Event "HCL-B121"]
[Site "www.playchess.de"]
[Date "2000.11.29"]
[Round "17"]
[White "Gorodish"]
[Black "Gruhni"]
[WhiteElo "1675"]
[BlackElo "1404"]
[PlyCount "29"]
[Result "1/2-1/2"]

1.c4 e5 2.Nc3 Nf6 3.a3 c6 4.Nf3 d6 5.e3 Bg4 6.h3 
Bh5 7.d3 Be7 8.Be2 Bxf3 9.Bxf3 O-O 10.d4 exd4 
11.exd4 d5 12.cxd5 Nxd5 13.Nxd5 cxd5 14.O-O Nc6 
15.Be3 1/2-1/2

[Event "HCL-B124"]
[Site "www.playchess.de"]
[Date "2000.11.29"]
[Round "1"]
[White "gbrereton"]
[Black "chrisg"]
[WhiteElo "1107"]
[BlackElo "1471"]
[PlyCount "32"]
[Result "0-1"]

1.e4 c6 2.d4 d5 3.e5 Bf5 4.Bd3 Bxd3 5.Qxd3 e6 
6.Nf3 Ne7 7.O-O Nd7 8.Nc3 c5 9.b3 cxd4 10.Qxd4 Nc6 
11.Qe3 Bc5 12.Qf4 f6 13.Re1 Ndxe5 14.Nxe5 fxe5 
15.Qg4 Qf6 16.Bg5 Bxf2+ 0-1

[Event "HCL-C088"]
[Site "www.playchess.de"]
[Date "2000.11.29"]
[Round "9"]
[White "ksadler"]
[Black "hhh"]
[WhiteElo "933"]
[BlackElo "1000"]
[PlyCount "22"]
[Result "0-1"]

1.e4 e5 2.Nf3 Qf6 3.Bc4 Bc5 4.O-O Qf4 5.g3 Qxe4 
6.d3 Qf5 7.g4 Qxg4+ 8.Kh1 Nf6 9.Nxe5 Qxd1 10.Rxd1 
O-O 11.Nxf7 Na6 0-1

[Event "HCL-C097"]
[Site "www.playchess.de"]
[Date "2000.11.29"]
[Round "9"]
[White "katrina"]
[Black "Elz"]
[WhiteElo "890"]
[BlackElo "1255"]
[PlyCount "24"]
[Result "0-1"]

1.d4 Nf6 2.c4 g6 3.Nf3 Bg7 4.Nc3 d5 5.e3 O-O 6.c5 
Bf5 7.Be2 Nc6 8.a3 Ne4 9.O-O Nxc3 10.bxc3 e5 11.h3 
e4 12.Nh2 Be6 0-1

[Event "HCL-C106"]
[Site "www.playchess.de"]
[Date "2000.11.29"]
[Round "10"]
[White "Tarahumara"]
[Black "O_Man"]
[WhiteElo "1113"]
[BlackElo "1000"]
[PlyCount "85"]
[Result "1-0"]

1.e4 c5 2.Bc4 Nc6 3.Qf3 e6 4.c3 Ne5 5.Qe2 Nf6 6.d4 
cxd4 7.cxd4 Bb4+ 8.Bd2 Bxd2+ 9.Nxd2 Nc6 10.d5 Nd4 
11.Qd3 e5 12.f4 d6 13.Ngf3 Nxf3+ 14.Qxf3 O-O 
15.O-O Qb6+ 16.Rf2 Ng4 17.fxe5 dxe5 18.Raf1 Nxf2 
19.Qxf2 Qxb2 20.Rb1 Qd4 21.Qxd4 exd4 22.Nf3 Bd7 
23.Nxd4 f5 24.exf5 Bxf5 25.Rxb7 h6 26.d6+ Kh8 
27.h3 Be4 28.Re7 Rfe8 29.Bb5 Rxe7 30.dxe7 Bg6 
31.Ne6 Rc8 32.Nf8 Be8 33.Bd7 Bxd7 34.Nxd7 Re8 
35.Nf8 Rxe7 36.Ng6+ Kg8 37.Nxe7+ Kf7 38.Nc6 Kf6 
39.Nxa7 g5 40.Kh2 Kf5 41.Nb5 h5 42.Nd4+ Kf4 
43.a4 1-0

[Event "HCL-C112"]
[Site "www.playchess.de"]
[Date "2000.11.29"]
[Round "3"]
[White "orange"]
[Black "Stefan"]
[WhiteElo "853"]
[BlackElo "1467"]
[PlyCount "51"]
[Result "1-0"]

1.e4 d6 2.d4 Nf6 3.Nc3 g6 4.Bb5+ c6 5.Ba4 Bg7 
6.Nf3 O-O 7.O-O Nbd7 8.Bb3 e5 9.a4 exd4 10.Nxd4 
Ne5 11.h3 Bd7 12.Nf3 Nxf3+ 13.Qxf3 Be6 14.Ba2 Qa5 
15.Bf4 d5 16.Bb3 dxe4 17.Nxe4 Nxe4 18.Qxe4 Bxb3 
19.cxb3 Bxb2 20.Bd6 Rfe8 21.Bb4 Rxe4 22.Bxa5 Bxa1 
23.Rxa1 Rae8 24.Rd1 R8e5 25.Bc3 Rc5 
26.Rd8+ 1-0

[Event "HCL-C112"]
[Site "www.playchess.de"]
[Date "2000.11.29"]
[Round "24"]
[White "Stefan"]
[Black "Fleischer"]
[WhiteElo "1467"]
[BlackElo "1000"]
[PlyCount "98"]
[Result "0-1"]

1.e4 e5 2.Nf3 Nf6 3.Nxe5 d6 4.Nf3 Nxe4 5.d4 d5 
6.Bd3 Nc6 7.O-O Be7 8.Qe2 Nf6 9.Nc3 O-O 10.Re1 Bg4 
11.Qe3 Bxf3 12.Qxf3 Nxd4 13.Qe3 Ne6 14.Ne2 Re8 
15.Bd2 Nc5 16.Bf5 Nce4 17.Rad1 Bc5 18.Nd4 Nd6 
19.Qd3 Bxd4 20.Bxh7+ Nxh7 21.Qxd4 Rxe1+ 22.Rxe1 
Nf6 23.Bg5 Nde4 24.Bf4 c5 25.Qd3 Qa5 26.Kf1 Qxa2 
27.f3 Qxb2 28.fxe4 dxe4 29.Qc4 Rc8 30.Bg5 b5 
31.Qe2 Re8 32.Bxf6 Qxf6+ 33.Kg1 Qd4+ 34.Qe3 Qxe3+ 
35.Rxe3 a5 36.Kf2 b4 37.Re1 e3+ 38.Ke2 a4 39.Kd3 
f5 40.Kc4 Re5 41.Kb5 a3 42.Kc4 g5 43.Kb3 f4 44.c3 
Re4 45.h3 Kg7 46.Ka2 Kg6 47.cxb4 cxb4 48.Kb3 e2 
49.Ka2 Kf5 0-1

[Event "HCL-C113"]
[Site "www.playchess.de"]
[Date "2000.11.29"]
[Round "7"]
[White "Zeus"]
[Black "exoticorn"]
[WhiteElo "1000"]
[BlackElo "1122"]
[PlyCount "57"]
[Result "1-0"]

1.e4 e5 2.Nf3 Nc6 3.Bb5 a6 4.Bxc6 dxc6 5.O-O Bg4 
6.h3 Bh5 7.Nc3 Bd6 8.d3 Qe7 9.Be3 O-O-O 10.Qe2 Nf6 
11.a3 Bc5 12.g4 Bxe3 13.fxe3 Bg6 14.Kh2 h5 15.g5 
Nh7 16.Rfg1 f6 17.gxf6 Qxf6 18.Raf1 Rdf8 19.Qg2 
Be8 20.Nd4 Qe7 21.Nf5 Qd7 22.Qxg7 Nf6 23.d4 exd4 
24.exd4 Rhg8 25.Ne7+ Kb8 26.Nxg8 Rf7 27.Nxf6 Qxd4 
28.Qh8 Qe5+ 29.Kh1 1-0

[Event "HCL-C124"]
[Site "www.playchess.de"]
[Date "2000.11.29"]
[Round "5"]
[White "Extasis"]
[Black "archon"]
[WhiteElo "1000"]
[BlackElo "1000"]
[PlyCount "48"]
[Result "0-1"]

1.Nh3 e5 2.e3 d5 3.Ng1 a6 4.Qh5 Nc6 5.Qf3 e4 6.Qe2 
Nf6 7.Nc3 Nb4 8.Qd1 Bd6 9.a3 Nc6 10.Qe2 Be6 11.a4 
Nb4 12.Kd1 O-O 13.h4 c5 14.h5 d4 15.exd4 cxd4 
16.Rh4 dxc3 17.bxc3 Na2 18.g3 Nxc1 19.Kxc1 b5 
20.d3 Qa5 21.Kd2 Rac8 22.h6 Qxc3+ 23.Ke3 Rc4 
24.Rd1 Nd5+ 0-1

[Event "HCL-C126"]
[Site "www.playchess.de"]
[Date "2000.11.29"]
[Round "1"]
[White "dg"]
[Black "waxneedles"]
[WhiteElo "800"]
[BlackElo "733"]
[PlyCount "51"]
[Result "1-0"]

1.e4 d6 2.d4 Nf6 3.Nc3 Nbd7 4.Nf3 e5 5.d5 h6 6.Bd3 
c6 7.Bc4 b5 8.Bb3 b4 9.Na4 c5 10.O-O Nxe4 11.a3 
Nb6 12.Re1 Nf6 13.Qd2 Bb7 14.c4 Ng4 15.h3 Nf6 
16.axb4 cxb4 17.Qxb4 Nfd7 18.Be3 a5 19.Qa3 f5 
20.Bf4 g5 21.Be3 h5 22.Nxg5 Bh6 23.Ne6 Qc8 24.Bxb6 
Ke7 25.c5 dxc5 26.Naxc5 1-0

[Event "HCL-C126"]
[Site "www.playchess.de"]
[Date "2000.11.29"]
[Round "20"]
[White "pandatrax"]
[Black "king"]
[WhiteElo "997"]
[BlackElo "1000"]
[PlyCount "30"]
[Result "0-1"]

1.e4 d5 2.exd5 Qxd5 3.Nc3 Qe5+ 4.Be2 Nf6 5.Nf3 Qc5 
6.d4 Qb6 7.O-O Nh5 8.Be3 Qxb2 9.Rb1 Qxc3 10.Bd2 
Qa3 11.Bb4 Qxa2 12.Ne5 Nf4 13.Bc4 Qa4 14.Nxf7 Qc6 
15.Nxh8 Qxg2+ 0-1

[Event "HCL-C132"]
[Site "www.playchess.de"]
[Date "2000.11.29"]
[Round "3"]
[White "sid317"]
[Black "Thunder"]
[WhiteElo "693"]
[BlackElo "1092"]
[PlyCount "57"]
[Result "1-0"]

1.e4 e5 2.Nf3 Nc6 3.Bb5 h6 4.O-O d6 5.d4 Bd7 6.Nc3 
exd4 7.Nxd4 Nxd4 8.Bxd7+ Qxd7 9.Qxd4 c5 10.Qd3 
O-O-O 11.Bf4 Ne7 12.h3 d5 13.Nb5 b6 14.Rad1 c4 
15.Nxa7+ Qxa7 16.Qd4 Nc6 17.Qe3 Bc5 18.Qg3 g5 
19.Qg4+ Qd7 20.exd5 Qxg4 21.hxg4 gxf4 22.dxc6 Rxd1 
23.Rxd1 Kc7 24.Re1 Kxc6 25.Re7 Rd8 26.Rxf7 Rd2 
27.Rf6+ Kb5 28.Rxh6 Rxc2 29.g5 1-0

[Event "ACL-A033"]
[Site "www.playchess.de"]
[Date "2000.11.29"]
[Round "32"]
[White "Gabaldon"]
[Black "michalis"]
[WhiteElo "1500"]
[BlackElo "1500"]
[PlyCount "38"]
[Result "0-1"]

1.g3 e5 2.Bg2 d6 3.c4 c6 4.Nc3 Be7 5.Qa4 Nf6 6.d3 
O-O 7.Nf3 Nbd7 8.O-O Nc5 9.Qb4 d5 10.cxd5 Nxd3 
11.Qb3 Nc5 12.Qc2 e4 13.Nh4 cxd5 14.Bf4 Ne6 15.Be5 
Ng4 16.f3 Ne3 17.Qa4 Bd7 18.Qb3 Nc5 19.Qb4 
Nc2 0-1

[Event "ACL-A038"]
[Site "www.playchess.de"]
[Date "2000.11.29"]
[Round "8"]
[White "sazex"]
[Black "Tony"]
[WhiteElo "1789"]
[BlackElo "1500"]
[PlyCount "80"]
[Result "0-1"]

1.e4 c6 2.d4 d5 3.e5 Bf5 4.c3 e6 5.Nf3 h6 6.Qb3 
Qb6 7.Qxb6 axb6 8.Nbd2 b5 9.Be2 b4 10.c4 Nd7 
11.O-O Ne7 12.c5 Ng6 13.Nb3 b6 14.cxb6 Nxb6 15.Ne1 
h5 16.Nd3 Na4 17.Re1 Rb8 18.Rd1 Be7 19.Na5 Rb6 
20.Rd2 Bxd3 21.Bxd3 O-O 22.Rc2 c5 23.Be3 c4 
24.Bxg6 fxg6 25.b3 Nc3 26.bxc4 Ra6 27.Nb7 dxc4 
28.Nc5 Bxc5 29.dxc5 Rd8 30.Kf1 Rd3 31.Re1 Rxa2 
32.Rxa2 Nxa2 33.c6 Rd8 34.c7 Rc8 35.Bb6 b3 36.Ke2 
b2 37.Kd2 c3+ 38.Kc2 Nb4+ 39.Kxc3 Nd5+ 40.Kxb2 
Nxb6 0-1

[Event "ACL-A039"]
[Site "www.playchess.de"]
[Date "2000.11.29"]
[Round "2"]
[White "Tarahumara"]
[Black "Brrrr"]
[WhiteElo "992"]
[BlackElo "1500"]
[PlyCount "76"]
[Result "0-1"]

1.e4 c5 2.Bc4 e6 3.Nc3 Nc6 4.Na4 Nf6 5.f3 a6 6.Nc3 
d5 7.exd5 exd5 8.Bd3 Bd6 9.b3 Qe7+ 10.Qe2 Qxe2+ 
11.Ngxe2 b5 12.O-O c4 13.bxc4 bxc4 14.Bxc4 dxc4 
15.Re1 O-O 16.Na4 Re8 17.Bb2 Be5 18.c3 Be6 19.d4 
Bc7 20.Nc5 Nd5 21.a4 Reb8 22.Ba3 Bf5 23.g4 Bd3 
24.Bc1 Ba5 25.Bd2 Bxe2 26.Rxe2 Bxc3 27.Bxc3 Nxc3 
28.Rc2 Nxd4 29.Rd2 Nxf3+ 30.Kg2 Nxd2 31.Re1 Nb3 
32.Nd7 Rb4 33.a5 Nxa5 34.Nc5 Rb2+ 35.Kh1 Nb3 
36.Nxa6 Nd4 37.Nc7 Nf3 38.Re3 Rxh2+ 0-1

[Event "ACL-A047"]
[Site "www.playchess.de"]
[Date "2000.11.29"]
[Round "12"]
[White "Morpheus"]
[Black "janus"]
[WhiteElo "1500"]
[BlackElo "1500"]
[PlyCount "54"]
[Result "0-1"]

1.e4 Nc6 2.Nf3 e5 3.d4 exd4 4.Nxd4 Qh4 5.Nc3 Bb4 
6.Ndb5 Qxe4+ 7.Be2 Bxc3+ 8.Nxc3 Qxg2 9.Bf3 Qg6 
10.Nd5 Kd8 11.Bf4 d6 12.c4 Nge7 13.Qd2 Nxd5 
14.Bxd5 Re8+ 15.Be3 Ne5 16.O-O-O Bg4 17.Rdg1 Nd3+ 
18.Kb1 Nb4+ 19.Ka1 Nc2+ 20.Kb1 Nxe3+ 21.Kc1 Nxd5 
22.Qxd5 Re2 23.Qd1 Qf6 24.Qb3 Bf3 25.Rge1 Bxh1 
26.Rxe2 Qf4+ 27.Re3 Qxf2 0-1

[Event "ACL-A047"]
[Site "www.playchess.de"]
[Date "2000.11.29"]
[Round "13"]
[White "Gruhni"]
[Black "Morpheus"]
[WhiteElo "1373"]
[BlackElo "1500"]
[PlyCount "33"]
[Result "1/2-1/2"]

1.e4 c5 2.Nf3 Nc6 3.Nc3 Nf6 4.Bc4 e6 5.d3 Be7 
6.O-O O-O 7.Re1 d5 8.Bb5 Bd7 9.Bxc6 Bxc6 10.a3 d4 
11.Ne2 Qc7 12.Bf4 Qb6 13.b3 Nd7 14.Ne5 Nxe5 
15.Bxe5 f6 16.Bg3 e5 17.f3 1/2-1/2

[Event "ACL-A048"]
[Site "www.playchess.de"]
[Date "2000.11.29"]
[Round "9"]
[White "Robama"]
[Black "COMETIN"]
[WhiteElo "1499"]
[BlackElo "830"]
[PlyCount "32"]
[Result "1/2-1/2"]

1.e3 d5 2.g3 e5 3.Bh3 Nc6 4.Nc3 d4 5.exd4 Nxd4 
6.a4 Nf6 7.b3 Bg4 8.f3 Bf5 9.Nb5 Bxc2 10.Nxd4 Bxd1 
11.Nde2 Bxe2 12.Nxe2 Bb4 13.f4 Qd3 14.fxe5 Ne4 
15.Rf1 Nxd2 16.Bf5 Ne4+ 1/2-1/2

[Event "ACL-A053"]
[Site "www.playchess.de"]
[Date "2000.11.29"]
[Round "5"]
[White "traga"]
[Black "player27"]
[WhiteElo "1900"]
[BlackElo "1619"]
[PlyCount "43"]
[Result "1/2-1/2"]

1.e4 c5 2.Nc3 Nc6 3.Nf3 d6 4.d4 cxd4 5.Nxd4 Nf6 
6.Bb5 Bd7 7.Bg5 e6 8.O-O Be7 9.Nb3 a6 10.Be2 Qc7 
11.Qd2 O-O 12.Rfd1 Rfd8 13.Bxf6 Bxf6 14.Qxd6 Qxd6 
15.Rxd6 Be5 16.Rd2 Be8 17.Rad1 Rxd2 18.Rxd2 Rc8 
19.h4 Nb4 20.a3 Bxc3 21.bxc3 Na2 
22.e5 1/2-1/2

[Event "ACL-A054"]
[Site "www.playchess.de"]
[Date "2000.11.29"]
[Round "6"]
[White "Stema"]
[Black "BENEVOLENTONE"]
[WhiteElo "2161"]
[BlackElo "1500"]
[PlyCount "47"]
[Result "1-0"]

1.d4 d5 2.c4 c6 3.cxd5 Qxd5 4.Nc3 Qa5 5.e4 e5 
6.dxe5 Bb4 7.Qd4 Be6 8.f4 a6 9.Bd2 c5 10.Qe3 Nc6 
11.a3 Nd4 12.Rc1 Nb3 13.f5 Nxc1 14.fxe6 fxe6 
15.axb4 Qxb4 16.Nd5 Qxb2 17.Nc7+ Kd8 18.Nxa8 Nb3 
19.Qd3+ Nd4 20.Ne2 Kc8 21.Bc3 Nc2+ 22.Kf2 Nb4 
23.Nb6+ Kc7 24.Qd6+ 1-0

[Event "ACL-A057"]
[Site "www.playchess.de"]
[Date "2000.11.29"]
[Round "1"]
[White "Mother_Teresa"]
[Black "Doris"]
[WhiteElo "1518"]
[BlackElo "1500"]
[PlyCount "47"]
[Result "1-0"]

1.e4 e5 2.Nf3 d6 3.Nc3 Bg4 4.d3 Bxf3 5.gxf3 Nf6 
6.Bg5 Be7 7.Qd2 Ng8 8.f4 h6 9.Bxe7 Nxe7 10.O-O-O 
Qd7 11.fxe5 d5 12.exd5 O-O 13.Bg2 Qf5 14.d6 c6 
15.dxe7 Re8 16.f4 Rxe7 17.Be4 Qd7 18.d4 g6 19.Rdg1 
Re6 20.f5 Re7 21.fxg6 Kg7 22.gxf7+ Kxf7 23.Qf2+ 
Ke6 24.Rg6+ 1-0